000 01097nas a2200289 4500
001 BR2012005116
003 BR-BrBNA
005 20231205120845.0
007 ta
008 230509b bl.|||p| |||| 00| 00por d
040 _aBR-BrBNA
_bpor
_cBiblioteca Nacional de Agricultura
041 _a(En)
072 _aL20; F02
100 1 _aFigalgo, A. de O.
100 1 _aKleinert, A. de M.P.
245 1 _aFloral preferences and climate influence in nectar and pollen foraging by Melipona rufiventris Lepeletier (Hymenoptera: Meliponini)in Ubatuba, São Paulo state, Brazil
246 1 _aFloral preferences and climate influence in nectar and pollen foraging by Melipona rufiventris Lepeletier (Hymenoptera: Meliponini)in Ubatuba, São Paulo state, Brazil
650 _aABELHA
650 _aNÉCTAR
650 _aPOLEN
650 _aCLIMA
650 _aCOMPORTAMENTO ANIMAL
650 _aPOLINIZAÇÃO
773 0 _tNeotropical Entomology (Brazil)
_xISSN 1519-566X
_g(Nov-Dec 2010), v. 39(6) p. 879-884
_wBR2012005116
909 _a202311
_bLúcia
_c55
_dLúcia Elande
942 _2AGRIS
_n0
_cANA
999 _c220669
_d220669